Statistics for First Line of Songs Picture Quiz #2

Click here to take the quiz!

General Stats

  • This quiz has been taken 75 times
    (35 since last reset)
  • The average score is 6 of 16

Answer Stats

Answer% Correct
Walk Like an Egyptian
94%
Y.M.C.A.
67%
Don't You Want Me
61%
House of the Rising Sun
55%
We Didn't Start the Fire
55%
What a Wonderful World
55%
Down Under
42%
Greased Lightnin'
42%
Leaving on a Jet Plane
33%
King of the Road
27%
My Girl
27%
Homeward Bound
18%
Lyin' Eyes
9%
Road to Hell
6%
Ventura Highway
6%
Eighteen Wheels and a Dozen Roses
3%

Score Distribution

Percentile by Number Answered

Percent of People with Each Score

Your Score History

You have not taken this quiz since the last reset